История на Втората световна война (Запис номер 61573)
[ съкратено ]
| 000 -Лидер | |
|---|---|
| Контролно поле с фиксирана дължина | 01401nam a2200301 c 4500 |
| 003 - Код на организацията, давaща контролен номер | |
| Контролно поле | BLK |
| 005 - Дата и час на последна редакция | |
| Контролно поле | 20221024131251.0 |
| 008 - Елементи от данни с фиксирана дължина | |
| fixed length control field | 180408b bul|||||r ||||||| ||bul|| |
| 010 ## - Наследен системен номер | |
| LC control number | KNG00065775000 |
| 040 ## - Източник на каталожния запис | |
| Идентификатор на билиотеката - собственик на записа | BLK |
| 041 ## - Код за език | |
| Код за езика на текст/звукозапис или на отделно заглавие | Български |
| Код за езика КДБФ | Български |
| 080 ## - УДК | |
| Текстов определител УДК | История на Втората световна война (1939-1945) |
| УДК код - определител по УДК | 940.53 |
| УДК - код + определител | 940.53 |
| 139 ## - Редно поле | |
| Редна дума | История на Втората световна война |
| Авторски знак | Истор - И 95 |
| 245 10 - Сведения за заглавието | |
| Заглавие | История на Втората световна война |
| Подзаглавни данни | 1939-1945 : Т. 1 - 12 |
| Редно поле (дума) | глав. ред. Д. Ф. Устинов. |
| Том | Т. 5 |
| Заглавие на том | Провалът на агресивните планове на фашисткия блок |
| 257 ## - Страна на издаване | |
| Страна на създаване/издаване | Русия |
| 260 ## - Област на издателските данни | |
| Име на издателя, разпространителя и проч. | Воен. изд. |
| Година на издаване | 1976 - |
| Място на издаване, разпространение и проч. | София |
| 300 ## - Физическа характеристика | |
| Размери/Мащаб | 25 см |
| 380 ## - Жанр | |
| Жанр | История |
| 650 #4 - Допълнително описание по предмет – тема | |
| Основно описание – тема или топоним | Втора световна война - история |
| 9 (RLIN) | 276224 |
| 653 ## - Ключова дума – ненормативна | |
| Ключова дума | Втора световна война |
| 700 1# - Други автори (авторска отговорност) | |
| Лично име | Устинов, Д. Ф. |
| Автороска отговорност (Описва отношението между автора и произведението) | глав. ред. |
| 9 (RLIN) | 290461 |
| 760 1# - Описание на основната серия | |
| Място на издаване, издател и година | 1978 |
| Страници - том | 568 с., 56 л. портр., ил. |
| Забележка - том | Библиогр. под линия. - Хронол., именен и геогр. показалец |
| Заглавие | Т. 5 Провалът на агресивните планове на фашисткия блок |
| 852 ## - Местоположение | |
| Форматна сигнатура | Цб 83384 |
| 856 4# - Електронен адрес и достъп | |
| Електронен формат | pdf - файл |
| Инструкция (цена за достъп) | 0.00 |
| Права за достъп | disable |
| 856 4# - Електронен адрес и достъп | |
| Електронен формат | pdf - файл |
| Инструкция (цена за достъп) | 0.00 |
| Права за достъп | disable |
| 999 ## - СИСТЕМНИ КОНТРОЛНИ НОМЕРА | |
| Koha biblionumber | 61573 |
| Koha biblioitemnumber | 61573 |
| 942 ## - АРТИКУЛИ | |
| Вид на библиотечния материал | Книги |
| Скрит в OPAC | Не |
| Koha issues (borrowed), all copies | 1 |
| Периодичен библиозапис | Да |
| 944 ## - СЪЗДАВАНЕ И РЕДАКЦИЯ на ЗАПИСА | |
| Създаване/Редакция | Създаване |
| Дата на регистрацията/редакция | 13.06.2004 |
| Служител, извършил регистрацията/редакцията | Геновева_Генчева |
| 944 ## - СЪЗДАВАНЕ И РЕДАКЦИЯ на ЗАПИСА | |
| Създаване/Редакция | Редакция |
| Дата на регистрацията/редакция | 10.09.2008 |
| 999 ## - СИСТЕМНИ КОНТРОЛНИ НОМЕРА | |
| Koha biblioitemnumber | 61573 |
| Код за отписване | Код за изгубен артикул | Източник на класификационната схема | Код за повреда | Коз за рестрикции | Код за отдаване | Артикулен № | Име на библиотеката - собственик | Име на библиотеката, в която се намира в момента | Статус (Текущо местоположение) | Дата на вписване в системата | Местоположение - отдел | Цена в лева | Инвентарен номер | Систематично азбучна сигнатура | Баркод | Номер на екземпляра | Цена в евро | Служебна бележка | Служебен тип на артикула |
|---|---|---|---|---|---|---|---|---|---|---|---|---|---|---|---|---|---|---|---|
| Не е изгубен | Universal Decimal Classification | Не е повреден | без рестрикции | заемане за дома | 102162 | Регионална библиотека "Любен Каравелов" Русе | Регионална библиотека "Любен Каравелов" Русе | Дубликат | 1978-01-01 | Заемна - подръчен фонд | 6.71 | 266494 | П 940.53/И 95 | 120000266494 | 1 | 3.43 | Дост: Pk Вид: П N: стар фонд Дата: 01.01.1978 Дата инв: 07.02.2018 Бележки инв: П2018 | Книги | |
| Изтеглен | Не е изгубен | Universal Decimal Classification | Не е повреден | без рестрикции | заемане за дома | 102163 | Регионална библиотека "Любен Каравелов" Русе | Регионална библиотека "Любен Каравелов" Русе | Заемна - подръчен фонд | 1978-01-01 | Заемна - подръчен фонд | 6.71 | 266495 | П 940.53/И 95 | 266495 | 2 | 3.43 | Дост: Pk Вид: П N: стар фонд Дата: 01.01.1978 | Книги |
| Изтеглен | Не е изгубен | Universal Decimal Classification | Не е повреден | без рестрикции | заемане за дома | 102164 | Регионална библиотека "Любен Каравелов" Русе | Регионална библиотека "Любен Каравелов" Русе | Заемна - подръчен фонд | 1978-01-01 | Заемна - подръчен фонд | 6.71 | 266497 | П 940.53/И 95 | 266497 | 3 | 3.43 | Дост: Pk Вид: П N: стар фонд Дата: 01.01.1978 Дата инв: 16.02.2018 Бележки инв: П2018 | Книги |
| Не е изгубен | Universal Decimal Classification | Не е повреден | само за читалня | ползва се в читалня | 102165 | Регионална библиотека "Любен Каравелов" Русе | Регионална библиотека "Любен Каравелов" Русе | Хранилище | 1978-01-01 | Хранилище | 6.71 | 266079 | Цб 83384 | 120000266079 | 4 | 3.43 | Дост: Dp Вид: Д N: стар фонд Дата: 01.01.1978 | Книги |